[Event "GER-chT Lands U20"]
[Site "Wuerzburg"]
[Date "2019.10.04"]
[Round "5.8"]
[White "Amato, Cristiano"]
[Black "Roeste, Hugo"]
[Result "1/2-1/2"]
[WhiteElo "1746"]
[BlackElo "1565"]
[PlyCount "105"]
[EventDate "2019.10.01"]
[EventType "team-swiss"]
[EventRounds "7"]
[EventCountry "GER"]
[SourceTitle "EXT 2020"]
[Source "ChessBase"]
[SourceDate "2019.10.17"]
[SourceVersion "1"]
[SourceVersionDate "2019.10.17"]
[SourceQuality "1"]
[WhiteTeam "Baden II"]
[BlackTeam "Mecklenburg Vorpommern"]
[WhiteTeamCountry "GER"]
[BlackTeamCountry "GER"]

1. e4 c5 2. Nc3 e6 3. f4 Nc6 4. Nf3 a6 5. a4 Qc7 6. Bc4 Qxf4 7. d3 Qc7 8. 0-0 d6 9. Qe2 Nf6 10. Bf4 Be7 11. Qf2 0-0 12. h3 b6 13. g4 e5 14. Bd2 h6 15. Rac1 Bd8 16. Nd5 Nxd5 17. exd5 Ne7 18. Qg2 Bd7 19. Nxe5 dxe5 20. d6 Qc6 21. dxe7 Qxg2+ 22. Kxg2 Bxe7 23. Rce1 Bd6 24. Bc3 Rae8 25. a5 b5 26. Bd5 Re7 27. Re4 Kh7 28. Rfe1 f6 29. d4 cxd4 30. Bxd4 Be6 31. Bxe6 Rxe6 32. Bb6 Rc8 33. c3 Bc7 34. Bxc7 Rxc7 35. Rd1 Kg6 36. Re2 Kf7 37. Red2 Ke7 38. Rd8 Ra7 39. Rg8 Kf7 40. Rdd8 Ree7 41. Rgf8+ Kg6 42. Rd1 Red7 43. Rd8 Rxd1 44. Rxd1 h5 45. Rd6 hxg4 46. hxg4 Kg5 47. Kg3 g6 48. Rd5 Kh6 49. Kh4 e4 50. Rd6 Re7 51. Rxf6 e3 52. g5+ Kg7 53. Rf1 1/2-1/2

[Event "GER-chT Lands U20"]
[Site "Wuerzburg"]
[Date "2019.10.02"]
[Round "2.6"]
[White "Amato, Cristiano"]
[Black "Jacoby, Angelina"]
[Result "1-0"]
[WhiteElo "1746"]
[BlackElo "1635"]
[PlyCount "57"]
[EventDate "2019.10.01"]
[EventType "team-swiss"]
[EventRounds "7"]
[EventCountry "GER"]
[SourceTitle "EXT 2020"]
[Source "ChessBase"]
[SourceDate "2019.10.17"]
[SourceVersion "1"]
[SourceVersionDate "2019.10.17"]
[SourceQuality "1"]
[WhiteTeam "Baden II"]
[BlackTeam "Brandenburg/Berlin"]
[WhiteTeamCountry "GER"]
[BlackTeamCountry "GER"]

1. e4 d5 2. exd5 Qxd5 3. Nc3 Qa5 4. Nf3 Nf6 5. d4 c6 6. Bd3 Bg4 7. Bf4 e6 8. 0-0 Qb6 9. Qd2 Bxf3 10. gxf3 Qxd4 11. Be3 Qe5 12. Kh1 Bd6 13. f4 Qh5 14. Be2 Ng4 15. Bxg4 Qxg4 16. f3 Qh3 17. Qxd6 Na6 18. Rad1 h6 19. Qd7+ Kf8 20. Qxb7 Rb8 21. Qxa6 g5 22. Bc5+ Kg8 23. Qxa7 Rc8 24. Qd7 Rb8 25. Bd4 Rh7 26. Bf6 Rf8 27. Ne4 c5 28. Nd6 c4 29. Nc8 1-0

[Event "GER-ch U12"]
[Site "Willingen"]
[Date "2019.06.11"]
[Round "4"]
[White "Morczynski, Joachim"]
[Black "Amato, Cristiano"]
[Result "1/2-1/2"]
[WhiteElo "1733"]
[BlackElo "1800"]
[PlyCount "71"]
[EventDate "2019.06.08"]
[EventType "swiss"]
[EventRounds "9"]
[EventCountry "GER"]
[SourceTitle "CBM 191 Extra"]
[Source "ChessBase"]
[SourceDate "2019.09.30"]
[SourceVersion "1"]
[SourceVersionDate "2019.09.30"]
[SourceQuality "1"]

1. e4 c5 2. Nf3 Nc6 3. Bb5 g6 4. c3 Nf6 5. e5 Nd5 6. 0-0 Bg7 7. d4 cxd4 8. cxd4 d6 9. Qa4 Qc7 10. exd6 exd6 11. Re1+ Be6 12. Ng5 Kd7 13. Nxe6 fxe6 14. Nc3 Nb6 15. Qb3 d5 16. Be3 Rhe8 17. Rac1 a6 18. Bxc6+ bxc6 19. Na4 Nxa4 20. Qxa4 Qb6 21. b3 Qb5 22. Qa3 Bf8 23. Qb2 a5 24. Qe2 Rac8 25. Qxb5 cxb5 26. Rxc8 Rxc8 27. Rc1 Rxc1+ 28. Bxc1 Bg7 29. Bb2 Kd6 30. f4 Bh6 31. g3 g5 32. Bc1 gxf4 33. gxf4 a4 34. Kf2 Ke7 35. Kf3 Kf6 36. Kg4 1/2-1/2

[Event "GER-ch U12"]
[Site "Willingen"]
[Date "2019.06.09"]
[Round "2"]
[White "Walter, Alexander"]
[Black "Amato, Cristiano"]
[Result "0-1"]
[WhiteElo "1642"]
[BlackElo "1800"]
[PlyCount "162"]
[EventDate "2019.06.08"]
[EventType "swiss"]
[EventRounds "9"]
[EventCountry "GER"]
[SourceTitle "CBM 191 Extra"]
[Source "ChessBase"]
[SourceDate "2019.09.30"]
[SourceVersion "1"]
[SourceVersionDate "2019.09.30"]
[SourceQuality "1"]

1. d4 Nf6 2. c4 Nc6 3. Nf3 e6 4. Nc3 Bb4 5. Qc2 d6 6. Bd2 e5 7. dxe5 dxe5 8. e3 0-0 9. Be2 Re8 10. a3 Bf8 11. 0-0 e4 12. Ne1 a5 13. Rd1 Bf5 14. Nb5 Qc8 15. Bc3 Nd7 16. Qb1 Bg6 17. Nc2 a4 18. Ncd4 Nce5 19. Nc2 Nd3 20. Ne1 N7c5 21. Nxd3 exd3 22. Bf3 d2 23. Qa2 Bd3 24. Rxd2 Bxf1 25. Kxf1 Nb3 26. Rd1 c6 27. Nd4 Nxd4 28. Bxd4 Qc7 29. Kg1 Bd6 30. h3 Be5 31. Qb1 Bxd4 32. Rxd4 Rad8 33. Qc1 Rxd4 34. exd4 Qa5 35. Qc2 Qb6 36. d5 cxd5 37. Bxd5 Qd6 38. Qd2 Qe7 39. Qf4 b6 40. Bc6 Rc8 41. Bxa4 Qe2 42. Bb5 Qxb2 43. a4 Qb4 44. Qd4 Qc5 45. Qxc5 Rxc5 46. f3 Re5 47. Kf2 Kf8 48. Bc6 Ke7 49. Bd5 Kd6 50. g4 f6 51. h4 h6 52. h5 Kd7 53. f4 Re7 54. Kg3 Kd6 55. Kh4 Ra7 56. g5 Rxa4 57. gxh6 gxh6 58. Bf7 Kc5 59. Kg4 Rxc4 60. Bxc4 Kxc4 61. Kf5 b5 62. Kxf6 b4 63. Kg7 b3 64. f5 b2 65. f6 b1Q 66. f7 Qb7 67. Kh8 Qe7 68. Kg8 Qg5+ 69. Kh8 Qxh5 70. f8Q Qe5+ 71. Kh7 h5 72. Qf1+ Kd5 73. Qb5+ Ke6 74. Qe8+ Kf6 75. Qg6+ Ke7 76. Kh6 h4 77. Qg4 h3 78. Kh7 h2 79. Qb4+ Ke8 80. Qa4+ Kf8 81. Qa8+ Qe8 0-1

[Event "Youth District Germany"]
[Site "Wuerzburg"]
[Date "2018.10.04"]
[Round "3.7"]
[White "Amato, Cristiano"]
[Black "Kageler, Anton Paul"]
[Result "1-0"]
[WhiteElo "1661"]
[BlackElo "1459"]
[PlyCount "99"]
[EventDate "2018.10.02"]
[EventType "team-swiss"]
[EventRounds "7"]
[EventCountry "GER"]
[SourceTitle "CBM 186 Extra"]
[Source "ChessBase"]
[SourceDate "2018.08.24"]
[SourceVersion "1"]
[SourceVersionDate "2018.08.24"]
[SourceQuality "1"]
[WhiteTeam "Baden U20 II"]
[BlackTeam "Sachsen Anhalt U20"]
[WhiteTeamCountry "GER"]
[BlackTeamCountry "GER"]

1. e4 c5 2. f4 Nc6 3. Nf3 g6 4. g3 Bg7 5. c3 e6 6. Bg2 Nge7 7. Na3 d5 8. e5 a6 9. d4 cxd4 10. cxd4 Qb6 11. Nc2 0-0 12. 0-0 Bd7 13. Kh1 Rac8 14. Rb1 Na5 15. Bd2 Bb5 16. Rf2 Nc4 17. Bb4 Rc7 18. b3 Na5 19. Qd2 Rxc2 20. Qxc2 Bd3 21. Qxd3 Qxb4 22. Rc2 Nac6 23. Ra1 Qb6 24. Qc3 Rc8 25. Qc5 Qd8 26. Rac1 Bf8 27. Qc3 Nf5 28. g4 Ba3 29. gxf5 Bxc1 30. Rxc1 exf5 31. Qe3 Qe7 32. e6 Qxe6 33. Qxe6 fxe6 34. Re1 Re8 35. Ng5 Nxd4 36. Bxd5 h6 37. Nxe6 Nxe6 38. Rxe6 Rxe6 39. Bxe6+ Kf8 40. Bc8 b5 41. b4 Ke7 42. Bxa6 Kd6 43. Bxb5 Kc7 44. a4 Kb6 45. Be8 g5 46. fxg5 hxg5 47. Kg2 f4 48. Kf3 Kb7 49. Bd7 Kc7 50. Bg4 1-0

[Event "GER-ch U12"]
[Site "Willingen"]
[Date "2018.05.26"]
[Round "11"]
[White "Amato, Cristiano"]
[Black "Bui, Bao Anh Le"]
[Result "0-1"]
[WhiteElo "1624"]
[BlackElo "1942"]
[PlyCount "66"]
[EventDate "2018.05.19"]
[EventType "swiss"]
[EventRounds "11"]
[EventCountry "GER"]
[SourceTitle "CBM 184 Extra"]
[Source "ChessBase"]
[SourceDate "2018.06.28"]
[SourceVersion "1"]
[SourceVersionDate "2018.06.28"]
[SourceQuality "1"]

1. e4 c5 2. Nc3 Nc6 3. Bb5 g6 4. Bxc6 bxc6 5. d3 Bg7 6. Be3 Qa5 7. Nge2 Nf6 8. Qd2 0-0 9. Bh6 d5 10. Bxg7 Kxg7 11. 0-0 Rb8 12. b3 e5 13. Rfd1 Ba6 14. Ng3 h6 15. Na4 Qxd2 16. Rxd2 Nd7 17. exd5 cxd5 18. c4 d4 19. Rf1 f5 20. Re2 g5 21. f3 Bb7 22. Rfe1 Bc6 23. Nb2 Rbe8 24. Nd1 Kg6 25. Nf2 Re7 26. Nh3 Rfe8 27. f4 e4 28. fxg5 hxg5 29. Nf2 Nf6 30. h3 e3 31. Nd1 f4 32. Nf1 f3 33. gxf3 Bxf3 0-1

[Event "GER-ch U12"]
[Site "Willingen"]
[Date "2018.05.21"]
[Round "4"]
[White "Amato, Cristiano"]
[Black "Kort, Felix"]
[Result "1/2-1/2"]
[WhiteElo "1624"]
[BlackElo "1704"]
[PlyCount "77"]
[EventDate "2018.05.19"]
[EventType "swiss"]
[EventRounds "11"]
[EventCountry "GER"]
[SourceTitle "CBM 184 Extra"]
[Source "ChessBase"]
[SourceDate "2018.06.28"]
[SourceVersion "1"]
[SourceVersionDate "2018.06.28"]
[SourceQuality "1"]

1. e4 e5 2. Nf3 Nc6 3. Bb5 a6 4. Ba4 Nf6 5. Qe2 b5 6. Bb3 Be7 7. a4 Bb7 8. 0-0 0-0 9. Nc3 b4 10. Nd5 d6 11. d3 Na5 12. Nxf6+ Bxf6 13. Ba2 g6 14. Be3 c5 15. Nd2 Bg7 16. f4 exf4 17. Rxf4 Be5 18. Rf3 Bc8 19. Raf1 Qh4 20. g3 Qg4 21. Rxf7 Rxf7 22. Qxg4 Bxg4 23. Rxf7 b3 24. Nxb3 Kxf7 25. Nxa5+ Kg7 26. Nc4 Rb8 27. Nxe5 dxe5 28. Bb3 Bd1 29. Kf1 c4 30. dxc4 Rxb3 31. cxb3 Bxb3 32. c5 Bxa4 33. Ke2 Bb5+ 34. Kd2 Kf7 35. Kc3 Ke6 36. Kb4 Kd7 37. Ka5 Kc6 38. b4 Bd3 39. Bg5 1/2-1/2

[Event "GER-ch U12"]
[Site "Willingen"]
[Date "2018.05.20"]
[Round "2"]
[White "Amato, Cristiano"]
[Black "May, Alexander1111"]
[Result "1-0"]
[WhiteElo "1624"]
[BlackElo "1373"]
[PlyCount "61"]
[EventDate "2018.05.19"]
[EventType "swiss"]
[EventRounds "11"]
[EventCountry "GER"]
[SourceTitle "CBM 184 Extra"]
[Source "ChessBase"]
[SourceDate "2018.06.28"]
[SourceVersion "1"]
[SourceVersionDate "2018.06.28"]
[SourceQuality "1"]

1. e4 c5 2. Nf3 d6 3. Bb5+ Bd7 4. Bxd7+ Qxd7 5. 0-0 Nf6 6. e5 dxe5 7. Nxe5 Qc7 8. d4 e6 9. Bf4 Bd6 10. Na3 Nc6 11. Nb5 Qd7 12. Nxd7 Bxf4 13. Nxf6+ gxf6 14. d5 0-0-0 15. Qf3 Bxh2+ 16. Kxh2 Ne5 17. Qa3 a6 18. Qxc5+ Kb8 19. Qc7+ Ka8 20. Rfd1 Rc8 21. Qa5 Rc5 22. Nc7+ Rxc7 23. Qxc7 h5 24. d6 h4 25. d7 Ng4+ 26. Kg1 h3 27. d8Q+ Rxd8 28. Rxd8+ Ka7 29. Rc8 h2+ 30. Kh1 a5 31. Qxa5# 1-0

[Event "Pfalz op-B 9th"]
[Site "Neustadt an der Weinstrasse"]
[Date "2018.02.12"]
[Round "7"]
[White "Bohne, Lutz"]
[Black "Amato, Cristiano"]
[Result "0-1"]
[WhiteElo "1924"]
[BlackElo "1518"]
[PlyCount "22"]
[EventDate "2018.02.09"]
[EventType "swiss"]
[EventRounds "7"]
[EventCountry "GER"]
[SourceTitle "CBM 182 Extra"]
[Source "ChessBase"]
[SourceDate "2018.02.23"]
[SourceVersion "1"]
[SourceVersionDate "2018.02.23"]
[SourceQuality "1"]

1. d4 Nf6 2. c4 Nc6 3. Nf3 e6 4. Nc3 Bb4 5. Bd2 0-0 6. a3 Bxc3 7. Bxc3 d6 8. Qc2 Qe7 9. e4 e5 10. d5 Nd4 11. Be2 Nxc2+ 0-1

[Event "Baden-ch U1700"]
[Site "Walldorf"]
[Date "2017.07.30"]
[Round "7"]
[White "Amato, Cristiano"]
[Black "Haenselmann, Hendrik"]
[Result "0-1"]
[WhiteElo "1510"]
[BlackElo "1557"]
[PlyCount "80"]
[EventDate "2017.07.26"]
[EventType "swiss"]
[EventRounds "7"]
[EventCountry "GER"]
[SourceTitle "EXT 2018"]
[Source "ChessBase"]
[SourceDate "2017.10.13"]
[SourceVersion "1"]
[SourceVersionDate "2017.10.13"]
[SourceQuality "1"]

1. e4 c5 2. f4 Nc6 3. Nc3 d6 4. Bc4 e6 5. d3 Nf6 6. Be3 Be7 7. Bb3 0-0 8. Nf3 Qc7 9. 0-0 a6 10. a4 b6 11. Qe1 Bb7 12. f5 exf5 13. exf5 Na5 14. Ba2 Rad8 15. Qg3 Nh5 16. Qg4 Nf6 17. Qg3 Nh5 18. Qh3 Nf6 19. Qg3 Nh5 20. Qh3 Nf6 21. g4 d5 22. g5 d4 23. gxf6 Bxf6 24. Bxd4 cxd4 25. Ne4 Bxe4 26. dxe4 Qxc2 27. b4 Nc6 28. e5 Nxe5 29. Nxe5 Bxe5 30. f6 Bxf6 31. Bb1 d3 32. Bxc2 dxc2 33. Rac1 Rd2 34. Qb3 Rc8 35. Rfe1 h6 36. Rf1 Rc3 37. Qb2 Bd4+ 38. Kh1 Rh3 39. Rf2 Rd1+ 40. Rf1 Rxf1+ 0-1

[Event "Baden-ch U1700"]
[Site "Walldorf"]
[Date "2017.07.29"]
[Round "6"]
[White "Amato, Cristiano"]
[Black "Michel, Udo"]
[Result "1-0"]
[WhiteElo "1510"]
[BlackElo "1475"]
[PlyCount "71"]
[EventDate "2017.07.26"]
[EventType "swiss"]
[EventRounds "7"]
[EventCountry "GER"]
[SourceTitle "EXT 2018"]
[Source "ChessBase"]
[SourceDate "2017.10.13"]
[SourceVersion "1"]
[SourceVersionDate "2017.10.13"]
[SourceQuality "1"]

1. e4 e6 2. d4 d5 3. e5 c5 4. c3 Qb6 5. Nf3 Bd7 6. Bd3 Bb5 7. 0-0 Bxd3 8. Qxd3 Nc6 9. dxc5 Qc7 10. Be3 Nxe5 11. Nxe5 Qxe5 12. Nd2 Qc7 13. f4 Nf6 14. b4 Be7 15. Rf3 Ng4 16. Bd4 Bf6 17. Raf1 0-0-0 18. h3 Bxd4+ 19. Qxd4 Nf6 20. a4 h5 21. Rb1 h4 22. b5 Ne4 23. Nxe4 dxe4 24. Qxe4 Qxc5+ 25. Qe3 Rh5 26. Qxc5+ Rxc5 27. Rb4 Rd1+ 28. Kh2 Rc1 29. f5 exf5 30. Rxh4 g5 31. Rh5 f4 32. Rxf4 R1xc3 33. Rxf7 Rd3 34. Rh8+ Rd8 35. Rxd8+ Kxd8 36. Rxb7 1-0

[Event "Baden-ch U1700"]
[Site "Walldorf"]
[Date "2017.07.26"]
[Round "1"]
[White "Amato, Cristiano"]
[Black "Herzog, Manfred"]
[Result "1/2-1/2"]
[WhiteElo "1510"]
[BlackElo "1830"]
[PlyCount "72"]
[EventDate "2017.07.26"]
[EventType "swiss"]
[EventRounds "7"]
[EventCountry "GER"]
[SourceTitle "EXT 2018"]
[Source "ChessBase"]
[SourceDate "2017.10.13"]
[SourceVersion "1"]
[SourceVersionDate "2017.10.13"]
[SourceQuality "1"]

1. e4 g6 2. d4 Nf6 3. Nc3 d6 4. f4 Bg7 5. Nf3 c5 6. Bb5+ Bd7 7. e5 Ng4 8. Bxd7+ Qxd7 9. h3 cxd4 10. Ne2 Ne3 11. Bxe3 dxe3 12. 0-0 dxe5 13. Nxe5 Qxd1 14. Raxd1 Nc6 15. Nxc6 bxc6 16. b3 0-0 17. Rd7 Bf6 18. Rfd1 e6 19. R1d3 Rfd8 20. g3 c5 21. Rxd8+ Rxd8 22. Rxd8+ Bxd8 23. Kg2 Ba5 24. c3 Bb6 25. Kf3 h5 26. Kxe3 Kg7 27. c4 Kf6 28. Nc3 Ke7 29. Na4 f6 30. Nxb6 axb6 31. a3 Kd6 32. g4 hxg4 33. hxg4 e5 34. fxe5+ Kxe5 35. b4 cxb4 36. axb4 f5 1/2-1/2

[Event "GER-ch U10"]
[Site "Willingen"]
[Date "2017.06.07"]
[Round "6"]
[White "Amato, Cristiano"]
[Black "Morczynski, Joachim"]
[Result "1/2-1/2"]
[WhiteElo "1505"]
[BlackElo "1535"]
[PlyCount "150"]
[EventDate "2017.06.04"]
[EventType "swiss"]
[EventRounds "11"]
[EventCountry "GER"]
[SourceTitle "CBM 178 Extra"]
[Source "ChessBase"]
[SourceDate "2017.06.22"]
[SourceVersion "1"]
[SourceVersionDate "2017.06.22"]
[SourceQuality "1"]

1. e4 d6 2. d4 Nf6 3. Nc3 g6 4. f4 Bg7 5. Nf3 0-0 6. e5 Nfd7 7. Bc4 e6 8. Be3 Nc6 9. 0-0 Qe7 10. Bb3 a5 11. a4 Nb6 12. d5 Nxd5 13. Bxd5 exd5 14. Nxd5 Qd8 15. Re1 dxe5 16. fxe5 Nxe5 17. Nxe5 Bxe5 18. Bc5 Re8 19. Rxe5 Be6 20. Qf3 Kg7 21. Bd4 f6 22. Qxf6+ Qxf6 23. Nxf6 Kxf6 24. Rae1 Kf7 25. Rf1+ Kg8 26. Rf6 Bf7 27. Rxe8+ Rxe8 28. Bc3 b6 29. Rc6 Re7 30. Bf6 Be8 31. Bxe7 Bxc6 32. Bd8 Bxa4 33. b3 Bd7 34. Bxc7 Bf5 35. c3 Bc2 36. Bxb6 Bxb3 37. Bxa5 Kf7 38. Kf2 Kf6 39. Bc7 Kf5 40. Ke3 Bd5 41. g3 Kg4 42. h4 g5 43. hxg5 Kxg5 44. Bd8+ Kg4 45. Bh4 Be6 46. Kd4 Kf5 47. c4 Bf7 48. Kc5 Ke4 49. Kb5 Be8+ 50. Kb4 Ke5 51. Kc5 Bd7 52. Bd8 Be8 53. Bc7+ Ke6 54. Kb6 Kd7 55. Kb7 Bf7 56. c5 Bd5+ 57. Kb6 Kc8 58. c6 Bf3 59. Bd6 h5 60. Kc5 Bg4 61. Be7 Bd1 62. Kd6 Bg4 63. c7 Bd1 64. Bd8 Bg4 65. Ke5 Bd1 66. Kf4 Bg4 67. Kg5 Bd1 68. Kf4 Bg4 69. Kg5 Bd1 70. Kf4 Bg4 71. Ke3 Bd1 72. Kd2 Bg4 73. Ke1 Bf3 74. Kf2 Bg4 75. Kg2 Bd1 1/2-1/2

[Event "GER-ch U10"]
[Site "Willingen"]
[Date "2017.06.07"]
[Round "7"]
[White "Bakiev, Diyor"]
[Black "Amato, Cristiano"]
[Result "1-0"]
[WhiteElo "1111"]
[BlackElo "1505"]
[PlyCount "59"]
[EventDate "2017.06.04"]
[EventType "swiss"]
[EventRounds "11"]
[EventCountry "GER"]
[SourceTitle "CBM 178 Extra"]
[Source "ChessBase"]
[SourceDate "2017.06.22"]
[SourceVersion "1"]
[SourceVersionDate "2017.06.22"]
[SourceQuality "1"]

1. d4 Nf6 2. c4 Nc6 3. Nc3 e5 4. e3 exd4 5. exd4 Bb4 6. Nf3 d5 7. a3 Bxc3+ 8. bxc3 Bg4 9. Bd3 Qe7+ 10. Be3 0-0 11. 0-0 dxc4 12. Bxc4 Qd6 13. h3 Bf5 14. Re1 Nd5 15. Qd2 Nxe3 16. Rxe3 Rfe8 17. Rxe8+ Rxe8 18. Ng5 Ne5 19. Re1 Kf8 20. Rxe5 Rxe5 21. Nxf7 Qxa3 22. dxe5 Qe7 23. Qf4 Bg6 24. Nd6+ Bf7 25. Nxf7 Ke8 26. e6 a6 27. Bd5 Qa3 28. Qxc7 Qc1+ 29. Kh2 b5 30. Qd8# 1-0

[Event "GER-ch U10"]
[Site "Willingen"]
[Date "2017.06.05"]
[Round "4"]
[White "Amato, Cristiano"]
[Black "Zielke, Ansgar"]
[Result "1-0"]
[WhiteElo "1505"]
[BlackElo "1450"]
[PlyCount "67"]
[EventDate "2017.06.04"]
[EventType "swiss"]
[EventRounds "11"]
[EventCountry "GER"]
[SourceTitle "CBM 178 Extra"]
[Source "ChessBase"]
[SourceDate "2017.06.22"]
[SourceVersion "1"]
[SourceVersionDate "2017.06.22"]
[SourceQuality "1"]

1. e4 c5 2. Nf3 Nc6 3. d4 cxd4 4. Nxd4 Nf6 5. Nc3 e6 6. a3 Bc5 7. Nxc6 bxc6 8. e5 Nd5 9. Ne4 Be7 10. c4 Nb6 11. Bd3 c5 12. Bf4 Bb7 13. 0-0 Rc8 14. b3 Bxe4 15. Bxe4 h6 16. Re1 0-0 17. Bc2 f5 18. Qd3 Bg5 19. Bxg5 Qxg5 20. a4 Rfd8 21. a5 Na8 22. Rad1 Rc6 23. Qf3 Nc7 24. Rf1 Na6 25. Rxd7 Nb4 26. Rb7 Ra6 27. Rxb4 cxb4 28. Qb7 Rxa5 29. Qc7 Ra2 30. f4 Qh4 31. g3 Qh3 32. Qxd8+ Kh7 33. Qd2 Qh5 34. Bxf5+ 1-0

[Event "GER-ch U10"]
[Site "Willingen"]
[Date "2016.05.20"]
[Round "9.17"]
[White "Amato, Cristiano"]
[Black "Hagenbeck Huebert, Ben"]
[Result "0-1"]
[WhiteElo "1187"]
[BlackElo "1428"]
[PlyCount "78"]
[EventDate "2016.05.15"]
[EventType "swiss"]
[EventRounds "11"]
[EventCountry "GER"]
[SourceTitle "CBM 172 Extra"]
[Source "ChessBase"]
[SourceDate "2016.06.21"]
[SourceVersion "1"]
[SourceVersionDate "2016.06.21"]
[SourceQuality "1"]

1. e4 e5 2. Nf3 Nc6 3. Bc4 Nf6 4. d3 Bc5 5. c3 a6 6. 0-0 Ba7 7. Nbd2 d6 8. b4 Bg4 9. h3 Bh5 10. Re1 0-0 11. Nf1 h6 12. Ng3 Bg6 13. Rf1 d5 14. exd5 Nxd5 15. Bb2 Nb6 16. Re1 Nxc4 17. dxc4 f6 18. c5 a5 19. a3 Ne7 20. Qe2 Qe8 21. bxa5 Qc6 22. Qc4+ Bf7 23. Qg4 Bxc5 24. Ne4 f5 25. Qxf5 Nxf5 26. Nxe5 Qb5 27. Rab1 Rfe8 28. a4 Qxa5 29. Nd7 Bb6 30. g4 Nh4 31. Nxb6 Qxb6 32. Nd2 Qc6 33. f3 Nxf3+ 34. Nxf3 Qxf3 35. Rf1 Qxh3 36. Rf2 Bd5 37. Rh2 Qg3+ 38. Kf1 Qxh2 39. Bc1 Qg2# 0-1

[Event "GER-ch U10"]
[Site "Willingen"]
[Date "2016.05.20"]
[Round "10.20"]
[White "Theile, Cedric"]
[Black "Amato, Cristiano"]
[Result "0-1"]
[WhiteElo "1287"]
[BlackElo "1187"]
[PlyCount "120"]
[EventDate "2016.05.15"]
[EventType "swiss"]
[EventRounds "11"]
[EventCountry "GER"]
[SourceTitle "CBM 172 Extra"]
[Source "ChessBase"]
[SourceDate "2016.06.21"]
[SourceVersion "1"]
[SourceVersionDate "2016.06.21"]
[SourceQuality "1"]

1. Nf3 Nf6 2. c4 c5 3. d3 Nc6 4. b3 g6 5. Bb2 Bg7 6. g3 0-0 7. Bg2 d6 8. 0-0 Bf5 9. Re1 Re8 10. e3 Nb4 11. e4 Bd7 12. d4 cxd4 13. Bxd4 Nc6 14. Bb2 Qb6 15. Nc3 Qa5 16. Nd5 Nxd5 17. Bxg7 Kxg7 18. exd5 Nb4 19. Qd2 Qb6 20. Qc3+ f6 21. a3 Na6 22. b4 Rac8 23. Rac1 Bb5 24. Bf1 Bd7 25. Ng5 h6 26. Ne6+ Bxe6 27. Rxe6 Qc7 28. Bd3 Rg8 29. Qd4 b6 30. Qg4 Kh7 31. Rce1 Rce8 32. c5 Nb8 33. Bb5 Nd7 34. c6 Ne5 35. Qe4 f5 36. Qh4 Nf3+ 37. Kf1 Nxh4 38. gxh4 g5 39. h5 g4 40. Kg2 Kg7 41. Kg3 Rgf8 42. f4 Rf6 43. R6e3 Kf7 44. Kf2 e6 45. a4 e5 46. fxe5 Rxe5 47. Rxe5 dxe5 48. Bc4 Ke7 49. b5 Kd6 50. Ke3 f4+ 51. Kf2 Qe7 52. Bb3 e4 53. Bd1 e3+ 54. Kg2 Qe4+ 55. Kg1 f3 56. Kf1 Qd3+ 57. Kg1 f2+ 58. Kg2 fxe1N+ 59. Kg3 e2+ 60. Kh4 Qh3# 0-1

[Event "GER-ch U10"]
[Site "Willingen"]
[Date "2016.05.15"]
[Round "2.26"]
[White "Fuhrmann, Bahne"]
[Black "Amato, Cristiano"]
[Result "0-1"]
[WhiteElo "1034"]
[BlackElo "1187"]
[PlyCount "52"]
[EventDate "2016.05.15"]
[EventType "swiss"]
[EventRounds "11"]
[EventCountry "GER"]
[SourceTitle "CBM 172 Extra"]
[Source "ChessBase"]
[SourceDate "2016.06.21"]
[SourceVersion "1"]
[SourceVersionDate "2016.06.21"]
[SourceQuality "1"]

1. e4 e5 2. Nf3 Nc6 3. d4 exd4 4. Nxd4 Bc5 5. Be3 Bb6 6. Be2 Nge7 7. 0-0 0-0 8. c3 Re8 9. Nd2 d5 10. f4 dxe4 11. Nxe4 Nd5 12. Nxc6 Bxe3+ 13. Kh1 bxc6 14. Qd3 Bf5 15. Bf3 Qe7 16. Rae1 Bxe4 17. Bxe4 Qxe4 18. Qxe4 Rxe4 19. b3 Rae8 20. g3 h6 21. c4 Nb4 22. Re2 Bd4 23. Rxe4 Rxe4 24. Rd1 Nxa2 25. Kg2 Nc3 26. Rd3 c5 0-1